00464nam a2200193Ia 4500008004100000020001800041050001400059100001700073245004200090245001700132260001500149260001600164260000900180300001600189300002700205300001000232440002000242500000800262170918s9999 xx 000 0 und d a9780439848350 bZ947 2006 aZullo, Allan 4aThe secret agent and other spy kids / cAllan Zullo. aNew York : bScholastic, c2006 a147 pages : bcolored illustration ; c19cm. aTen true tales. a980